000 00292nam a2200109Ia 4500
008 220120s9999||||xx |||||||||||||| ||und||
100 _aKararsik, Igor
_911656
245 0 _aPump hand book
260 _aMcgraw hill book company
_bNew Delhi
_c1985
300 _b0
650 _aPROGRAMMING LANGUAGE
999 _c136763
_d136763